| 000 | 00998cam a2200253 a 4500 | ||
|---|---|---|---|
| 001 | 000009884 | ||
| 005 | 20200929161739.0 | ||
| 008 | 930526s1983 sp 001 p spa d | ||
| 020 | _a8400054881 | ||
| 035 | _a(DLC) 91219482 | ||
| 035 | _a(OCoLC)11709159 | ||
| 040 |
_aDO-SdBNP _cFMU _dTxU _dBNPHU |
||
| 082 |
_a861.64 _bV547i |
||
| 100 | 1 |
_aVerón Gormaz, José, _d1946- _916705 |
|
| 245 | 1 | 0 |
_aInstrucciones para cruzar un puente / _cJosé Verón Gormaz. |
| 260 |
_aZaragoza, (España) : _bInstitución "Fernando el Católico", _c1983. |
||
| 300 |
_a62 p. ; _c25 cm. |
||
| 490 | 1 |
_a"San Jorge" _v39 _aPublicación del Centro de Estudios Bilbilitanos de la Institución "Fernando el Católico" _v15/953 |
|
| 650 | 4 |
_aPoesía española _9631 |
|
| 650 | 4 |
_aLiteratura española _ySIGLO XX _93326 |
|
| 830 | 0 |
_a"San Jorge" ; _v39 _pPublicación del Centro de Estudios Bilbilitanos de la Institución "Fernando el Católico" ; _v15/953 _924817 |
|
| 910 | _aCatalogación por copia / LC | ||
| 049 | _aBNGR | ||
| 999 |
_c9643 _d9643 |
||